000 00678nam a2200205 i 4500
001 40616
003 ES-MaACL
007 t|
008 030306s1961 mx ||||1| spa d
100 1 _aCarreño, Alberto María.
_935611
245 1 3 _aLa diplomacia extraordinaria entre México y Estados Unidos
_b: 1789-1947 /
_cAlberto María Carreño.
250 _a2ª ed.
260 _aMéxico :
_bJus,
_c1961.
300 _a308 p. ;
_c23 cm.
490 1 _aFiguras y episodios de la historia de México ;
_v97
500 _aEs el Vol. II.
830 0 _aFiguras y episodios de la historia de México ;
_v97
_9181876
852 _aES-MaACL
_jE-9420
_bR.94209
999 _c40616
_d40616